<?xml version="1.0" encoding="UTF-8"?>
<collection xmlns="http://www.loc.gov/MARC21/slim">
    <record>
        <controlfield tag="001">96304</controlfield>
        <controlfield tag="005">20201120151203.0</controlfield>
        <datafield tag="037" ind1=" " ind2=" ">
            <subfield code="a">TAZ-TFG-2020-4477</subfield>
        </datafield>
        <datafield tag="041" ind1=" " ind2=" ">
            <subfield code="a">spa</subfield>
        </datafield>
        <datafield tag="100" ind1="1" ind2=" ">
            <subfield code="a">Sara Elena Barreras Calderón</subfield>
        </datafield>
        <datafield tag="242" ind1="0" ind2="0">
            <subfield code="a">Self-protection Scheme. Digitized Management</subfield>
        </datafield>
        <datafield tag="245" ind1="0" ind2="0">
            <subfield code="a">Plan de Autoprotección.  Gestión digitalizada</subfield>
        </datafield>
        <datafield tag="260" ind1=" " ind2=" ">
            <subfield code="a">Zaragoza</subfield>
            <subfield code="b">Universidad de Zaragoza</subfield>
            <subfield code="c">2020</subfield>
        </datafield>
        <datafield tag="506" ind1=" " ind2=" ">
            <subfield code="a">by-nc-sa</subfield>
            <subfield code="b">Creative Commons</subfield>
            <subfield code="c">3.0</subfield>
            <subfield code="u">http://creativecommons.org/licenses/by-nc-sa/3.0/</subfield>
        </datafield>
        <datafield tag="520" ind1=" " ind2=" ">
            <subfield code="a">Durante el desarrollo de este trabajo se ha elaborado el Plan de Autoprotección de una empresa situada en una nave de un Polígono Industrial de Zaragoza, según se establece en el RD 393_2007 Norma Básica de Autoprotección.  En cada fase se generan documentos (registros, informes…) que se gestionan mediante un sistema tradicional de documentos en formato papel.  Sobre una metodología tradicional se aplica un proceso de digitalización cuyo principal resultado es un proceso digitalizado de implantación y mantenimiento de un Plan de Autoprotección, transferible a cualquier otra empresa o proceso.  A continuación, se ha realizado el estudio de la eficacia del uso de un software como un sistema de información que integre los procesos de gestión de los recursos necesarios en la implantación y mantenimiento de dicho Plan, sustituyendo así el sistema tradicional en papel.  La digitalización de esta gestión aportará mejoras adicionales que ayudarán en el proceso de toma de decisiones de la empresa, que se encuentra inmersa en un proceso de actualización de todas sus áreas siguiendo la iniciativa “Aragón industria 4.0” dentro del marco definido en la Ley de regulación y fomento de la actividad industrial de Aragón.  Para ello se usará una herramienta ya implantada en la empresa para otras áreas de gestión y se pretende ampliarla para esta digitalización.&lt;br />&lt;br /></subfield>
        </datafield>
        <datafield tag="521" ind1=" " ind2=" ">
            <subfield code="a">Graduado en Ingeniería de Organización Industrial</subfield>
        </datafield>
        <datafield tag="540" ind1=" " ind2=" ">
            <subfield code="a">Derechos regulados por licencia Creative Commons</subfield>
        </datafield>
        <datafield tag="700" ind1=" " ind2=" ">
            <subfield code="a">Ana Lucía Esteban Sánchez</subfield>
            <subfield code="e">dir.</subfield>
        </datafield>
        <datafield tag="710" ind1="2" ind2=" ">
            <subfield code="a">Universidad de Zaragoza</subfield>
            <subfield code="b"> </subfield>
            <subfield code="c"></subfield>
        </datafield>
        <datafield tag="856" ind1="0" ind2=" ">
            <subfield code="f">601159@unizar.es</subfield>
        </datafield>
        <datafield tag="856" ind1="4" ind2=" ">
            <subfield code="s">5192258</subfield>
            <subfield code="u">http://zaguan.unizar.es/record/96304/files/TAZ-TFG-2020-4477.pdf</subfield>
            <subfield code="y">Memoria (spa)</subfield>
        </datafield>
        <datafield tag="909" ind1="C" ind2="O">
            <subfield code="o">oai:zaguan.unizar.es:96304</subfield>
            <subfield code="p">driver</subfield>
            <subfield code="p">trabajos-fin-grado</subfield>
        </datafield>
        <datafield tag="950" ind1=" " ind2=" ">
            <subfield code="a"></subfield>
        </datafield>
        <datafield tag="951" ind1=" " ind2=" ">
            <subfield code="a">deposita:2020-11-20</subfield>
        </datafield>
        <datafield tag="980" ind1=" " ind2=" ">
            <subfield code="a">TAZ</subfield>
            <subfield code="b">TFG</subfield>
            <subfield code="c">ALM</subfield>
        </datafield>
        <datafield tag="999" ind1=" " ind2=" ">
            <subfield code="a">20201104120706.CREATION_DATE</subfield>
        </datafield>
    </record>

    
</collection>